LEADER 00980nam0 2200301 450 001 000002928 005 20081212094036.0 100 $a20010612d1971----km-y0itay50------ba 101 1 $aita 102 $aIT 200 1 $aManuale di matematica$fR. Faure, A. Kaufmann, M. Denis-Papin$gprefazione all'edizione italiana di Luigi Muracchini 210 $a[Milano]$cISEDI$dc1971 215 $aXXIX, 904 p.$d24 cm 225 2 $aDizionari e manuali$v2 304 $aTit. orig.: Mathématiques générales; Mathématiques nouvelles 410 0$12001$aDizionari e manuali 610 1 $aMatematica 676 $a510 700 1$aFaure,$bRobert$0734 701 1$aKaufmann,$bArnold$014433 701 1$aDenis-Papin,$bMaurice$0625 702 1$aMuracchini,$bLuigi 801 0$aIT$bUNIPARTHENOPE$gRICA$2UNIMARC 912 $a000002928 951 $cPIST$aP1 510-M/1$b118063$d20010612 951 $aG 510/1$bG 686$cPIST$d2008 996 $aManuale di matematica$9108049 997 $aUNIPARTHENOPE LEADER 01231nam0 22002891i 450 001 UON00416098 005 20231205104801.275 010 $a88-8431-097-0 100 $a20130114d2003 |0itac50 ba 101 $aita 102 $aIT 105 $a|||| ||||| 200 1 $aˆIl ‰magistero di Carlo Gentile, (1920-1984)$eatti della Giornata di Studi, Foggia, Palazzo Dogana, 29 gennaio 2000$fa cura di Gaetano Cristino 210 $aFoggia$cClaudio Grenzi editore$d2003 215 $a95 p.$d24 cm. 410 1$1001UON00176409$12001 $aTerzo millennio$ecollana di studi della Provincia di Foggia$1210 $aFoggia$cC. Grenzi Editore.$v9 606 $aGENTILE CARLO$3UONC083130$2FI 620 $dFoggia$3UONL000027 676 $a366.1092$cMASSONERIA. Persone$v22 702 1$aCRISTINO$bGaetano$3UONV212552 712 $aGrenzi$3UONV260260$4650 801 $aIT$bSOL$c20250516$gRICA 899 $aSIBA - SISTEMA BIBLIOTECARIO DI ATENEO$2UONSI 912 $aUON00416098 950 $aSIBA - SISTEMA BIBLIOTECARIO DI ATENEO$dSI FS 2.0 0328 $eSI FP 17752 5 0328 $sBuono 996 $aMagistero di Carlo Gentile, (1920-1984$91338572 997 $aUNIOR